| 000 | 00357pab a2200157 454500 | ||
|---|---|---|---|
| 008 | 180718b2003 xxu||||| |||| 00| 0 eng d | ||
| 100 | _aMange Ram | ||
| 245 | _aOnline public access catalogue | ||
| 260 | _c2003 | ||
| 300 | _ap.9-10. | ||
| 362 | _a25 Aug | ||
| 650 | _aCatlogues | ||
| 700 | _aSharma, S.K. | ||
| 773 | _aUniversity News | ||
| 909 | _a57866 | ||
| 999 |
_c57866 _d57866 |
||